000 01060cam a22003135a 4500
001 L159203
008 160317s2015 xxk f 000 0 eng d
020 _a9780415492287
035 _a(Sirsi) u159203
041 0 _aeng
050 0 4 _a711.4
100 1 _aCullingworth, Barry
245 0 0 _aTown and Country Planning in the UK
250 _a15th ed
260 _aRoutledge
_bAbingdon
_c2015
300 _axxxv, 601p, 25cm
520 _aExtensively revised 15th edition of this classic text gives information about town and country planning issues across the whole UK. With detailed information about the nature of planning and its historical evolution, the role of the EU mechanisms for developing policy and managing development.
590 _aKA
651 4 _aENGLAND AND WALES
690 _aPlanning and development
_96259
700 1 _aNadin, Vincent
700 1 _aHart, Trevor
700 1 _aDavoudi, Simin
700 1 _aPendlebury, J.
700 1 _aVigar, Geoff
700 1 _aWebb, David
700 1 _aTownshend, Tim
942 _n0
999 _c115741
_d115741